000 00607nam a2200229Ia 4500
003 OSt
005 20220918210326.0
006 a|||||r|||| 00| 0
007 ta
008 220917b |||||||| |||| 00| 0 eng d
024 _a120,025
037 _cTextual
040 _aARTS
_cARTS
_beng
041 _2eng
_aeng
082 _aV73:28wL57, L6.2
100 _aHendrickson Robert
_98151
245 0 _aHamilton II (1789-1804)
260 _aNew York
_bMason charter
_c1976
650 _aHISTORY
942 _hV73:28wL57, L6.2
_cTEXL
_2CC
999 _c243283
_d243283